000 00430nam a2200181Ia 4500
008 230524s9999 xx 000 0 und d
020 _a00195678435
082 _a658.45
_bJET
100 _aJaishri Jethwaney
245 0 _aAdvertising Management
250 _aIST
260 _aNEW DELHI
_bOxford
_c2008
300 _aX;716
500 _aQuantity Number: 5
650 _aManagement
700 _a Shruti Jain
942 _cBK
999 _c43314
_d43314